| 000 | 00693nam a2200241Ia 4500 | ||
|---|---|---|---|
| 008 | 200601s9999 xx 000 0 und d | ||
| 020 | _a971-8563-12-1 | ||
| 050 | _aREF DS 654 | ||
| 050 | _b.K56 2002 | ||
| 100 | _aKing, David. | ||
| 245 | 0 | _aPhilippines travel companion : | |
| 245 | 0 | _byour practical reference to discovering the best of our 7,107 islands / | |
| 245 | 0 | _cDavid King. | |
| 260 | _a[s. l. ] | ||
| 260 | _bWorldlink Books. | ||
| 260 | _c2002 | ||
| 300 | _a102 pages : | ||
| 300 | _billustrations ; | ||
| 300 | _c22 cm. | ||
| 500 | _aIncludes bibliographical references. | ||
| 650 | _aPhilippines -- Description and travel. | ||
| 650 | _xPhilippines -- Tours. | ||
| 999 |
_c363295 _d363295 |
||